Súčasná priemyselná politika EÚ

Nezastupiteľná podmienka pri posilňovaní konkurencieschopnosti priemyslu EÚ - modernizácia výkonu verejnej správy na všetkých úrovniach. Ťažisko modernizácie verejnej správy - poskytovanie informácií o vývoji trhov a podpora malých a stredných podnikov. Všeobecná charakteristika súčasnej priemyselne...

Description complète

Enregistré dans:
Détails bibliographiques
Auteur principal: Oberhauser, Ján Artur
Format: Chapitre de livre
Langue:slovaque
Sujets:
Tags: Ajouter un tag
Pas de tags, Soyez le premier à ajouter un tag!

MARC

LEADER 00000naa a2200000 4500
001 r033399
005 20230824095742.3
041 0 |a slo 
044 |a SK 
245 1 0 |a Súčasná priemyselná politika EÚ  |c Ján Artur Oberhauser 
520 |a Nezastupiteľná podmienka pri posilňovaní konkurencieschopnosti priemyslu EÚ - modernizácia výkonu verejnej správy na všetkých úrovniach. Ťažisko modernizácie verejnej správy - poskytovanie informácií o vývoji trhov a podpora malých a stredných podnikov. Všeobecná charakteristika súčasnej priemyselnej politiky EÚ, jej ciele, snahy a ďalší vývoj. 
610 2 0 |a politika priemyselná 
610 2 0 |a Európska únia 
610 2 0 |a spolupráca hospodárska medzinárodná 
610 2 0 |a konkurencieschopnosť 
610 2 0 |a správa verejná 
610 2 0 |a správa štátna 
610 2 0 |a modernizácia 
610 2 0 |a podnik malý 
610 2 0 |a podnik stredný 
100 1 |a Oberhauser, Ján Artur